000 00460nam a2200157Ia 4500
008 210716s2009 xx 000 0 und d
020 _a9780415997829
041 _aeng
082 _a658.4063 AFUA
100 _aAfuah, Allan.
245 _aStrategic innovation: new game strategies for competitive advantage.
_bNew game strategies for competitive advantage.
250 _a1
260 _aNew York
_bRoutledge
_c2009
300 _axviii,482
650 _aNone
999 _c207044
_d207044